Economics Performance Policy Issue & Priority Reforms Bangladesh (Record no. 2109)
[ view plain ]
| 000 -LEADER | |
|---|---|
| fixed length control field | 00340nam a2200121Ia 4500 |
| 008 - FIXED-LENGTH DATA ELEMENTS--GENERAL INFORMATION | |
| fixed length control field | 151213s9999 xx 000 0 und d |
| 245 ## - TITLE STATEMENT | |
| Title | Economics Performance Policy Issue & Priority Reforms Bangladesh |
| 260 ## - PUBLICATION, DISTRIBUTION, ETC. (IMPRINT) | |
| Place of publication, distribution, etc. | South Asia Region |
| Name of publisher, distributor, etc. | The World Bank |
| Date of publication, distribution, etc. | 1997 |
| 300 ## - PHYSICAL DESCRIPTION | |
| Extent | 3022 p. |
| 650 ## - SUBJECT ADDED ENTRY--TOPICAL TERM | |
| Topical term or geographic name as entry element | Economics |
| 650 ## - SUBJECT ADDED ENTRY--TOPICAL TERM | |
| Topical term or geographic name as entry element | Economics |
No items available.
